| 000 | 00682cam a2200217 a 4500 | ||
|---|---|---|---|
| 001 | 1981644 | ||
| 005 | 20180307033605.0 | ||
| 008 | 890309s1989 orua 001 0 eng | ||
| 010 | _a 89031749 | ||
| 020 |
_a1558280170 : _c$24.95 |
||
| 040 |
_aDLC _cDLC _dDLC |
||
| 041 | _aeng | ||
| 080 | _a005.43 ASHL | ||
| 082 | 0 | 0 |
_a005.43 ASHL _220 |
| 100 | 1 | _a28 | |
| 101 | _aSHK | ||
| 245 | 1 | 0 |
_aTeach yourself UNIX : _cRuth Ashley, Judi N. Fernandez. |
| 906 |
_a7 _bcbc _corignew _d1 _eocip _f19 _gy-gencatlg |
||
| 942 |
_2ddc _cBK |
||
| 999 |
_c44252 _d44252 |
||